=LDR 00000nam 2200000 4500 =001 NUTBA000000000001583 =005 20181015094135 =035 ##$$a 0010-051400000000048 =008 181015###########################0#ind## =020 ##$$a 978--0-7360-7417-9 =040 ##$$a Ind =082 ##$$a 793.4 =090 ##$$a 793.4$bDie p =100 ##$$a Dienstmann, Ronald. =245 1#$$a Permainan untuk latihan motorik : $b 111 Aktivitas menyenangkan utnuk perkembangan otak /$c Ronald dienstmann =260 ##$$a Bandung :$b Pustaka pakar raya,$c 2013 =850 ##$$a NBPNMAT =084 ##$$a 793.4 DIE p =300 ##$$a xiv, 193 hlm. ; $c 23 cm. =990 ##$$a 21196027/BPAP-NTB/2014 =990 ##$$a 0001/BPAP-NTB/20142014 =990 ##$$a 0001/BPAP-NTB/2015 =990 ##$$a 0001/BPAP-NTB/2015 =990 ##$$a 79747974 =990 ##$$a 21304620 =990 ##$$a 21196027/BPAP-NTB/2014 =990 ##$$a 0001/BPAP-NTB/20142014 =990 ##$$a 0001/BPAP-NTB/2015 =990 ##$$a 0001/BPAP-NTB/2015